सामान्यांच्या असाधारण कर्तुत्वाच्या कथा भाग २ (Record no. 369708)
[ view plain ]
| 000 -LEADER | |
|---|---|
| fixed length control field | 00601nam a22001817a 4500 |
| 005 - DATE AND TIME OF LATEST TRANSACTION | |
| control field | 20260107115734.0 |
| 008 - FIXED-LENGTH DATA ELEMENTS--GENERAL INFORMATION | |
| fixed length control field | 260107b |||||||| |||| 00| 0 eng d |
| 020 ## - INTERNATIONAL STANDARD BOOK NUMBER | |
| International Standard Book Number | 978-93-95664-32-5 |
| 041 ## - LANGUAGE CODE | |
| Language code of text/sound track or separate title | mar |
| 082 ## - DEWEY DECIMAL CLASSIFICATION NUMBER | |
| Edition number | 1St Edi |
| 100 ## - MAIN ENTRY--PERSONAL NAME | |
| Author | कुंटे शरद श्रीकृष्ण |
| 245 ## - TITLE STATEMENT | |
| Title | सामान्यांच्या असाधारण कर्तुत्वाच्या कथा भाग २ |
| 250 ## - EDITION STATEMENT | |
| Edition statement | 1St Edi |
| 260 ## - PUBLICATION, DISTRIBUTION, ETC. | |
| Place of publication, distribution, etc. | Pune |
| Name of publisher, distributor, etc. | Bhartiya Vichar Sadhana Pune Prakashan |
| Date of publication, distribution, etc. | 2023 |
| 300 ## - PHYSICAL DESCRIPTION | |
| Extent | 376 P. |
| 500 ## - GENERAL NOTE | |
| Keywords | Marathi Book |
| 942 ## - ADDED ENTRY ELEMENTS (KOHA) | |
| Koha item type | Books |
| Withdrawn status | Lost status | Source of classification or shelving scheme | Damaged status | Not for loan | Collection code | Home library | Current library | Date acquired | Bill number | Total Checkouts | Barcode | Date last seen | Discount | Actual Price | Bill Date | Koha item type | Original Barcode |
|---|---|---|---|---|---|---|---|---|---|---|---|---|---|---|---|---|---|
| Dewey Decimal Classification | BA | College Of Computer Application For Women , Satara | College Of Computer Application For Women , Satara | 03/01/2026 | 444 | BCAS-B-1042 | 07/01/2026 | 70 | 280.00 | 03/01/2026 | Books | B01042 |